Ekstraklasa 2026/27 - nagła śmierć - Statystyki

Ogólne statystyki
  • Ten quiz został rozwiązany 47 razy
  • Średni wynik to 15 z 18
Answers on the Grid
Answers color-coded by a green-red scale on the quiz's grid according to % correct below.
Lech Poznań
Legia Warszawa
Śląsk Wrocław
Wisła Kraków
Wieczysta Kraków
Cracovia
Radomiak Radom
GKS Katowice
Korona Kielce
Górnik Zabrze
Piast Gliwice
Raków Częstochowa
Jagiellonia Białystok
Pogoń Szczecin
Motor Lublin
Zagłębie Lubin
Widzew Łódź
Wisła Płock
Arka Gdynia
Lechia Gdańsk
Bruk-Bet Termalica Nieciecza
Chrobry Głogów
ŁKS Łódź
Miedź Legnica
Warta Poznań
Zagłębie Sosnowiec
Ruch Chorzów
Polonia Warszawa
Polonia Bytom
Puszcza Niepołomice
 
Statystyki odpowiedzi
Odpowiedź % Poprawnych
Śląsk Wrocław
89%
GKS Katowice
86%
Górnik Zabrze
86%
Korona Kielce
86%
Pogoń Szczecin
86%
Radomiak Radom
86%
Jagiellonia Białystok
84%
Lech Poznań
84%
Legia Warszawa
84%
Piast Gliwice
84%
Raków Częstochowa
84%
Wieczysta Kraków
84%
Wisła Kraków
84%
Cracovia
81%
Motor Lublin
81%
Zagłębie Lubin
81%
Widzew Łódź
78%
Wisła Płock
78%
Nie znaleziono quizów pasujących do podanych kryteriów
Rozkład punktacji
Procent ludzi z każdym wynikiem
Percentyl według liczby udzielonych odpowiedzi
Twoja historia wyników
Nie rozwiązałeś tego quizu